Responses for Show #1976 - Monday, March 22, 1993

Contestants

[<< previous game]

Charlie Crawford, a teacher and author from Wayne, Pennsylvania

Michael Melzer, a jeweler from New York City, New York

Mary Maher, a L.A. area housing authority manager originally from Houston, Texas (whose 1-day cash winnings total $12,601)

[next game >>]

Jeopardy! Round responses

1992
ACTORS & ACTRESSES
ASTROLOGY
WEIGHTS & MEASURES
SEARCHES
"C" IN SPELLING
    $100 18
Haiti

Mary
    $100 1
Clint Eastwood

Mary
    $100 6
Leo

Michael
    $100 23
a fathom

Mary
    $100 11
an author

Michael
    $100 13
C-I-N-N-A-M-O-N

Michael
    $200 19
England

Michael
    $200 2
Talia Shire

Charlie
    $200 7
Virgo

Mary
    $200 27
(Charlie: What is a march?)

double time

MaryCharlie
    $200 12
Amelia Earhart

Charlie
    $200 14
C-H-A-L-E-T

Mary
    $300 20
(Doug) Wilder

Michael
    $300 3
Bruce Willis

Mary
    $300 8
Cancer

Charlie
    $300 28
a burn

Mary
    $300 24
the Northwest Passage

Michael
    $300 15
C-H-I-V-A-L-R-Y

Mary
    $400 21
Serbia

Michael
    $400 4
Michael Fox

Charlie
    $400 9
Venus

Charlie
    $400 29
(Charlie: Uh, what is mame?)

an em

MaryCharlie
    $400 25
dowsing

Michael
    $400 16
(Charlie: What is C-O-N-N-E-C-T-U... CUTT?)

C-O-N-N-E-C-T-I-C-U-T

MichaelCharlie
    $800 22
(Michael: What is the Atlantis?)

the Endeavour

Michael
    $500 5
the Legion of Honor

Triple Stumper
    $500 10
(Michael: What is the crab, Cancer?)
(Charlie: What is Cancer?)

Scorpio

MichaelCharlie
Triple Stumper
    $500 30
a mil (or a mile)

Mary
    $500 26
Bridey Murphy

Michael
    $500 17
C-H-I-H-U-A-H-U-A

Mary

Scores at the first commercial break (after clue 12):

Mary Michael Charlie
$600 -$300 $1,000

Scores at the end of the Jeopardy! Round:

Mary Michael Charlie
$3,200 $1,500 $0

Double Jeopardy! Round responses

SCIENCE
PRESIDENTIAL TRIVIA
TRAVEL & TOURISM
THEATRE
CHILDREN'S LITERATURE
CIVIL RIGHTS
    $200 15
alkaline

Michael
    $200 26
(Charlie: Who is Abraham Lincoln?)

George Washington

MichaelCharlie
    $200 6
the Leaning Tower of Pisa

Charlie
    $200 1
gold

Michael
    $200 19
(Alex: [After reading the clue] Lucky dog.)

Old Mother Hubbard

Mary
    $200 10
segregate

Michael
    $400 16
A

Michael
    $400 27
Truman

Mary
    $400 7
Joan of Arc

Charlie
    $400 2
Milan

Michael
    $400 20
Peter Pan

Charlie
    $400 11
chains

Mary
    $600 17
the nucleus

Charlie
    $600 8
Brazil

Triple Stumper
    $1,200 3
the (George & Ira) Gershwins

Michael
    $600 21
penguins

Charlie
    $600 12
Jesse Jackson

Mary
    $800 24
(Charlie: What is the law of gravity?)
(Michael: What is an object in motion tends to remain in motion?)

for every action there is an equal & opposite reaction

MichaelCharlie
Triple Stumper
    $800 28
(Mary: Who is Theodore Roosevelt?)
...
[The end-of-round signal sounds.]

(Grover) Cleveland

MaryMichael
    $800 9
the Jutland Peninsula

Michael
    $800 4
"One"

Mary
    $800 22
Sleeping Beauty

Mary
    $1,000 13
the untouchables

Mary
    $1000 25
the Mesozoic

Triple Stumper
    $1000 18
(Michael: What is the Arctic Circle?)
(Charlie: What is the tundra?)

Lapland

MichaelCharlie
Triple Stumper
    $1000 5
(Clifford) Odets

Charlie
    $1000 23
(Alex: [After the next clue selection] We have about a minute to go.)

The Secret Garden

Charlie
    $1000 14
Korea

Michael

Scores at the end of the Double Jeopardy! Round:

Mary Michael Charlie
$6,600 $5,100 $2,200

[wagering suggestions for these scores]

Final Jeopardy! Round responses

U.S. CITIES
(Alex: [To Charlie] [*], North Dakota is correct.)
CharlieWhat is Fargo?
$2,200
MichaelWhat is Fargo?
$700
MaryWhat is Fargo ND?
$3,700
Fargo

Final scores:

Mary Michael Charlie
$10,300 $5,800 $4,400
2-day champion: $22,901 2nd place: Bassett bedroom suite + Bassett Dream Maker mattress & box spring 3rd place: Bushnell telescope + Wheel of Fortune & Jeopardy! for the Super Nintendo Entertainment System & Sega Genesis

Game dynamics:

Coryat scores:

Mary Michael Charlie
$6,400 $5,300 $2,200
19 R
(including 1 DD),
1 W
20 R
(including 1 DD),
4 W
(including 1 DD)
12 R,
7 W

Combined Coryat: $13,900

[game clues] [game scores] [suggest correction]

Game tape date: 1992-12-01
The J! Archive is created by fans, for fans. Scraping, republication, monetization, and malicious use prohibited; this site may use cookies and collect identifying information. See terms. The Jeopardy! game show and all elements thereof, including but not limited to copyright and trademark thereto, are the property of Jeopardy Productions, Inc. and are protected under law. This website is not affiliated with, sponsored by, or operated by Jeopardy Productions, Inc. Join the discussion at JBoard.tv.